01806nam a22002297a 450000500170000000800410001702000180005804000070007604100120008308200140009510000180010924500390012726000550016630000260022136500600024752011740030765000140148165000100149565000380150565000170154365000160156020250628091146.0250627b |||||||| |||| 00| 0 eng d a9780143467663 cAL aEnglish a922bNANH aSachin Nandha aHedgewarb: A definitive biography aGurugrambPenguin Random house India pvt Ltdc2025 a401 p.bHBc24x16 cm. aKSCR-000225b₹800.00c₹d₹999.00e20%f20-06-2025 aHedgewar chronicles the untold story of the enigmatic founder of the Rashtriya Swayamsevak Sangh (RSS), whose vision for India’s cultural revival continues to shape the nation’s socio-political landscape. Through meticulous research and vivid storytelling, this biography traces Hedgewar’s journey from an orphaned child in colonial India to the mastermind behind one of the world’s most secretive organizations. Set against the backdrop of a country grappling with colonial rule, rising communal tensions, and the complexities of modernity, this book opens a window to Hedgewar’s philosophy of cultural nationalism, his challenges with contemporaries like Gandhi, Nehru and Savarkar, and his transformative leadership. It explores his inner struggles to make sense of his own critique of Hindu society. More than a biography, this work is a window into the labyrinth of India’s civilizational ethos, offering a nuanced perspective on the RSS’s origins and its impact on India today. Hedgewar: A Definitive Biography is a must-read for those seeking to understand modern India’s complexities through the life of one controversial, yet extraordinary man. aBiography aFocus aRashtriya Swayamsevak Sangh (RSS) aSignificance aExploration